MARC

LEADER 00000nam0a2200000 4500
001 317968
005 20231102003029.0
035 |a (RuTPU)RU\TPU\book\343449 
090 |a 317968 
100 |a 20160418d1948 km y0rusy50 ca 
101 0 |a rus 
102 |a RU 
105 |a y z 000zy 
200 1 |a Графики и таблицы для расчета водопроводных и канализационных сетей  |f В. Г. Лобачев 
210 |a Москва  |a Ленинград  |c Изд-во Министерства коммунального хозяйства РСФСР  |d 1948 
215 |a 92 с.  |c ил. 
606 1 |a Водопроводные сети  |x Расчет  |2 stltpush  |3 (RuTPU)RU\TPU\subj\2921  |9 31418 
606 1 |a Канализационные сети  |x Гидравлический расчет  |2 stltpush  |3 (RuTPU)RU\TPU\subj\13665  |9 40239 
610 1 |a гидравлика 
610 1 |a графики 
610 1 |a таблицы 
610 1 |a водопроводы 
610 1 |a трубопроводы 
610 1 |a истечение 
610 1 |a местное сопротивление 
610 1 |a отверстия 
610 1 |a примеры 
610 1 |a пожарные рукава 
610 1 |a канализация 
610 1 |a равномерное движение 
610 1 |a неравномерное движение 
675 |a 628.14  |v 4 
675 |a 628.2  |v 4 
700 1 |a Лобачев  |b В. Г. 
801 1 |a RU  |b 63413507  |c 20160418 
801 2 |a RU  |b 63413507  |c 20200706  |g RCR 
942 |c BK